Electronic drafting and design / (Record no. 183032)
[ view plain ]
| 000 -LEADER | |
|---|---|
| fixed length control field | 01267 a2200217 4500 |
| 003 - CONTROL NUMBER IDENTIFIER | |
| control field | Nust |
| 005 - DATE AND TIME OF LATEST TRANSACTION | |
| control field | 20221014125432.0 |
| 010 ## - LIBRARY OF CONGRESS CONTROL NUMBER | |
| LC control number | 76021324 |
| 020 ## - INTERNATIONAL STANDARD BOOK NUMBER | |
| International Standard Book Number | 0132506130 |
| 040 ## - CATALOGING SOURCE | |
| Transcribing agency | Nust |
| 082 00 - DEWEY DECIMAL CLASSIFICATION NUMBER | |
| Classification number | 604.2,RAS |
| 100 1# - MAIN ENTRY--PERSONAL NAME | |
| Personal name | Raskhodoff, Nicholas M. |
| 9 (RLIN) | 78273 |
| 245 10 - TITLE STATEMENT | |
| Title | Electronic drafting and design / |
| Statement of responsibility, etc. | Nicholas M. Raskhodoff. |
| 250 ## - EDITION STATEMENT | |
| Edition statement | 3rd ed. |
| 260 ## - PUBLICATION, DISTRIBUTION, ETC. | |
| Place of publication, distribution, etc. | Englewood Cliffs, N.J. : |
| Name of publisher, distributor, etc. | Prentice-Hall, |
| Date of publication, distribution, etc. | c1977. |
| 300 ## - PHYSICAL DESCRIPTION | |
| Extent | xvii, 555 p. : |
| Other physical details | ill. ; |
| Dimensions | 24 cm. |
| 505 ## - FORMATTED CONTENTS NOTE | |
| Formatted contents note | Drawing Procedures (Page-1), Drawing Practices (Page-37), Drafting Room Routine (Page-57), Components in Electronics (Page-72), Fasteners, Material and Finishes (Page-121),Governmental Requirements (Page-145), Engineering Standards and Specifications (Page-155),General Electronic Design (Page-161),Graphics Symbols (Page-220), Reference Designations (Page-263), Schematic Diagrams (Page-281),Connection or Wiring Diagrams (Page-340), Printed Circuitry (Page-384), Industrial Electronic Diagrams (Page-436),Wiring Harnesses (Page-457), Checking Electronic Drawings (Page-472), Graphics Drawings (Page-480), Block Diagrams (Page-508). |
| 650 #0 - SUBJECT ADDED ENTRY--TOPICAL TERM | |
| Topical term or geographic name entry element | Electronic apparatus and appliances |
| General subdivision | Design and construction. |
| 9 (RLIN) | 100328 |
| 650 #0 - SUBJECT ADDED ENTRY--TOPICAL TERM | |
| Topical term or geographic name entry element | Electronic drafting. |
| 9 (RLIN) | 37543 |
| 942 ## - ADDED ENTRY ELEMENTS (KOHA) | |
| Source of classification or shelving scheme | |
| Koha item type | Book |
| Withdrawn status | Lost status | Source of classification or shelving scheme | Damaged status | Not for loan | Permanent Location | Current Location | Shelving location | Date acquired | Full call number | Barcode | Date last seen | Price effective from | Koha item type | Public note |
|---|---|---|---|---|---|---|---|---|---|---|---|---|---|---|
| Military College of Signals (MCS) | Military College of Signals (MCS) | General Stacks | 12/12/2016 | 604.2,RAS | MCS3351 | 12/08/2016 | 12/12/2016 | Book | Almirah No.28, Shelf No.2 |
